000
00264nam a22001337a 4500
999
_c
528985
_d
528985
003
NUST
038
_a
MSOHAIL
082
_a
0
100
_a
IRU
_9
20833
245
_a
Road Transport and Road Safety
260
_a
Geneva
_b
IRU
300
_a
54,p;
942
_2
ddc
_c
BK